Diari 1918-1961 : amb il·lustracions de l'autor / amb il·lustracions de l'autor /
ISBN:
9791399029901
Descripción Física:
1 vol. : 635 pàgines ; il·lustracions color i b/n ; 23 cm
Otros Autores:
Cid Bernal, Laura
Idioma:
Catalán
MARC
| LEADER | 00000nam a22000007a 4500 | ||
|---|---|---|---|
| 001 | 28934 | ||
| 003 | AGDB | ||
| 005 | 20260324181533.0 | ||
| 008 | 250702b spa||||| |||| 00| 0 cat d | ||
| 017 | |a B 47509-1995 | ||
| 020 | |a 9791399029901 | ||
| 020 | |a 8472568326 | ||
| 040 | |a agdb |b cat | ||
| 100 | 1 | |a Renart, Joaquim, |d 1879-1961 |9 72267 | |
| 245 | |a Diari 1918-1961 : |b amb il·lustracions de l'autor / |c Joaquim Renart ; selecció de textos i dibuixos de Laura Cid Bernal , edició a cura de l'Ajuntament de Centelles | ||
| 260 | |a [Centelles] : |b Ajuntament de Centelles ; |c [1995]- | ||
| 300 | |a 1 vol. : 635 pàgines ; |b il·lustracions color i b/n ; |c 23 cm | ||
| 600 | 1 | 0 | |a Renart, Joaquim, |d 1879-1961 |v Diaris íntims |9 72268 |
| 700 | |a Cid Bernal, Laura |9 72269 | ||
| 710 | 1 | |a Centelles (Catalunya). |b Ajuntament |9 53927 | |
| 866 | |a Vol. 7 (1939-1961) | ||
| 942 | |2 udc |c ARXIU |n 1 | ||
| 952 | |0 0 |1 0 |4 0 |6 BIB1328 |7 1 |9 98240 |a Arxiu |b Arxiu |d 2025-07-02 |h Vol. 7 (1939-1961) |l 0 |o Bib-1328 |p 28934 |r 2025-07-02 00:00:00 |w 2025-07-02 |y ARXIU | ||
| 999 | |c 130019 |d 130019 | ||